00111nam a22000617a 4500082000800000100001900008245002200027 a297 aArthur jeffery aA reader on islam